Les plus gros transferts du football - Milieux défensifs - 2014-2015 - Statistiques

Statistiques générales
  • Ce quiz a été pris 16 fois
  • Le résultat moyen est 4 sur 10
Statistiques - réponses
Montant de transfert (M €) Nationalité Venant de Allant à Joueur % Correct
10,00 Pays-Bas Norwich QPR Leroy Fer
94%
9,00 Espagne Real Madrid Bayern Munich Xabi Alonso
81%
12,00 Allemagne Bayer Leverkusen Liverpool Emre Can
69%
15,00 Brésil FC Porto Manchester City Fernando
63%
8,00 France Stade Rennais AS Monaco Tiemoué Bakayoko
38%
15,25 Turquie Hamburger SV Bayer Leverkusen Hakan Çalhanoğlu
25%
16,80 Espagne Manchester City Zenit S-Pb Javi García
19%
25,00 Argentine Benfica FC Valencia Enzo Pérez
13%
13,00 Brésil Cruzeiro Real Madrid Lucas Silva
13%
10,00 Grèce Olymp. Pirée Benfica Andreas Samaris
6%
Aucun quiz correspondant
Distribution des résultats
% des personnes avec chaque résultat
Percentile par nombre de réponses
Votre historique - résultats
Vous n’avez pas pris ce quiz